Loading...
Fine Arts - Classical Music | 5 | 10.00 | 80% | 20% | 0% |
Fine Arts - Other Fine Arts | 2 | 10.00 | 50% | 50% | 0% |
Fine Arts - Visual Fine Arts | 3 | 10.00 | 100% | 0% | 0% |
History - American History | 3 | 13.33 | 100% | 33% | 0% |
History - European History | 4 | 12.50 | 100% | 25% | 0% |
History - Other History | 2 | 15.00 | 50% | 100% | 0% |
History - World History | 3 | 10.00 | 67% | 0% | 33% |
Literature - American Literature | 8 | 8.75 | 88% | 0% | 0% |
Literature - British Literature | 4 | 10.00 | 75% | 0% | 25% |
Literature - European Literature | 5 | 14.00 | 100% | 40% | 0% |
Literature - World/Other Literature | 4 | 12.50 | 100% | 25% | 0% |
Mythology | 1 | 20.00 | 100% | 100% | 0% |
Other Academic | 1 | 10.00 | 100% | 0% | 0% |
Philosophy | 5 | 8.00 | 80% | 0% | 0% |
Science - Biology | 1 | 10.00 | 100% | 0% | 0% |
Science - Chemistry | 5 | 8.00 | 80% | 0% | 0% |
Science - Other Science | 4 | 17.50 | 100% | 75% | 0% |
Science - Physics | 4 | 20.00 | 100% | 75% | 25% |
Social Science | 2 | 15.00 | 100% | 50% | 0% |